000 01402nam a22002537a 4500
001 5612
003 FISKH
005 20241220110655.0
008 241220b cb ||||| |||| 00| 0 eng d
020 _a9781597071932
040 _aFISKH
_beng
_cFISKH
_dFISKH
082 _a741.5973
100 _aFarshtey, Greg
245 _aBionicle #9 :
_bThe fall of Atero /
_cBy Greg Farshtey Writer : Pop Mhan Artist
260 _aNew York :
_bPapercut ;
_c2010.
300 _a96 unnumbered pages :
_bcolor illustrations ;
_c20 cm .
490 _a LEGO Bionicle Graphic Novels
_vBook 9
520 _aThe BIONICLE Glatorian series begins in this graphic novel, exploring the world of Bara Magna, previously seen in BIONICLE Graphic Novel #8 "Legends of Bara Magna". In this harsh world that contains both deserts and snowy, mountain-like terrain, Glatorian matches much like the gladiator matches of ancient Rome are used to decide conflicts between rival tribes or enemies. The world is overrun by the dangerous Skrall, who decimate everything in their path. A world with rules and enemies unlikeany of the planets seen in previous BIONICLE graphic novels, "The Fall of Atero" presents a new setting with an all-new dynamic already a hit with fans.
650 _abionicle
_vFiction
650 _aextraterrestrial life
_vFiction
700 _aMhan, Pop
_eillustrator
942 _2ddc
_cBK
_n0
999 _c5612
_d5612